LIBRARY & INFORMATION CENTRE, KCAET, TAVANUR

ONLINE PUBLIC ACCESS CATALOGUE (OPAC)

Text book of economic theory / (Record no. 2245)

MARC details
000 -LEADER
fixed length control field 00469cam a2200181ua 4500
041 ## - LANGUAGE CODE
Language code of text/sound track or separate title eng
082 ## - DEWEY DECIMAL CLASSIFICATION NUMBER
Classification number 330.1
Item number STO/TE
100 ## - MAIN ENTRY--AUTHOR NAME
Personal name Stonier, Alfred.W .
245 ## - TITLE STATEMENT
Title Text book of economic theory /
250 ## - EDITION STATEMENT
Edition statement 11 /
260 ## - PUBLICATION, DISTRIBUTION, ETC. (IMPRINT)
Place of publication :
Name of publisher The English Language book society ,
Year of publication 1962.
300 ## - PHYSICAL DESCRIPTION
Number of Pages 513 ; .
700 1# - ADDED ENTRY--PERSONAL NAME
Personal name Hague, Douglass.C .
942 ## - ADDED ENTRY ELEMENTS (KOHA)
Koha item type Books
Holdings
Withdrawn status Lost status Damaged status Home library Current library Date acquired Full call number Accession Number Koha item type
Withdrawn     KAUAET KAUAET 15/11/2023 330.1 STO/TE 12375 Books
Withdrawn     KAUAET KAUAET 15/11/2023 330.1 STO/TE 12376 Books
Withdrawn     KAUAET Sanskrit University 07/04/2012 330.1 2492 Books
Withdrawn     KAUAET Sanskrit University 07/04/2012 330.1 12377 Books
Withdrawn     KAUAET Sanskrit University 04/11/2022 330.1 STO/TE 12378 Books
free website counter